La palabra de monseñor Luis Alberto Luna Tobar /

Detalles Bibliográficos
Autor principal: Luna Tobar, Alberto (Autor)
Otros Autores: Ochoa P., María del Carmen (Editor)
Formato: Electrónico eBook
Lenguaje:español
Publicado: Cuenca, Ecuador : Universidad del Azuay, Casa Editora, [2018]
Edición:Primera edición.
Materias:
Acceso en línea:Digitalia Hispánica

MARC

LEADER 00000nam a2200000 i 4500
001 DIGUAZUAY0229
003 NyNyDIG
007 cr |||||||||||
008 260119s2018 ec a ob 000 0 spa d
006 m o d
035 |a (OCoLC)1569883518 
040 |a DGITA  |b eng  |e rda  |e pn  |c DGITA 
020 |a 9789942778253  |q eBook 
020 |z 9789942778246 
043 |a s-ec--- 
050 1 4 |a BT83.57 ebook 
100 1 |a Luna Tobar, Alberto,  |e author. 
245 1 3 |a La palabra de monseñor Luis Alberto Luna Tobar /  |c compiladoras, María del Carmen Ochoa P. [and 3 others]. 
250 |a Primera edición. 
264 1 |a Cuenca, Ecuador :  |b Universidad del Azuay, Casa Editora,  |c [2018] 
300 |a 1 online resource :  |b color illustrations. 
336 |a text  |b txt  |2 rdacontent 
337 |a computer  |b c  |2 rdamedia 
338 |a online resource  |b cr  |2 rdacarrier 
347 |a text file  |2 rdaft 
347 |b PDF 
588 0 |a Online resource; title from PDF title page (Digitalia, viewed January 19, 2026) 
600 1 0 |a Luna Tobar, Alberto  |x Religion. 
610 2 0 |a Catholic Church  |z Ecuador. 
700 1 |a Ochoa P., María del Carmen,  |e editor. 
791 2 |a Digitalia (Firm),  |e distributor. 
793 0 |g Digitalia eBook Collection:  |a Universidad del Azuay 
776 0 8 |i Print version:  |a Luna Tobar, Alberto.  |t palabra de monseñor Luis Alberto Luna Tobar.  |b Primera edición, reimpresión 2023.  |d Cuenca, Ecuador : Universidad del Azuay, Casa Editora, [2018]  |z 9789942778246 
856 4 0 |3 Digitalia Hispánica  |u https://www.digitaliapublishing.com/a/134020/ 
910 |a Premium collection: 2026